000 00635nam a22001937a 4500
999 _c62437
_d62437
005 20241031165554.0
008 241031s2018 enk||||| |||| 00| 0 eng d
020 _a978-0735211292x
041 _aeng
080 _a159.922 C-60
100 _aClear, James
_923583
245 _aAtomic Habits:
_bAn Easy & Proven Way to Build Good Habits & Break Bad Ones /
_cJames Clear.
264 _aNew York :
_bAvery,
_c2018.
300 _a308 p.:
_b21 cm.
653 _aკარგი ჩვევები
653 _aფსიქოლოგია
653 _aატომური ჩვევები
942 _2udc
_cᲬᲘᲒᲜᲘ